000 00788nam a22002417a 4500
003 UA-OsUOA
001 85887
007 ta
008 20120720b un ||||| |||| 00| 0 ukr d
090 _a94(477)(085)
_bЛ95
942 _cBK
040 _aUA-OsUOA
_bukr
_cUA-OsUOA
_dUA-OsUOA
245 _aЛюстрації королівщин українських земель XVI - XVIII ст.
_bматеріали до реєстру рукописних та друкованих текстів
_cукл. Майборода Р.
300 _a312 с.
955 _a1
041 _aukr
080 _a94(477)(085)
020 _a5-7702-05550-4
260 _aК.
_c1999
250 _nвип. 49
650 7 _a9 Географія. Біографії. Історія
_2UDC
999 _c372196
_d372196